Migrace a mobilita přechodu postmodernity

Migračno-mobilné aktivity obyvateľstva v ére postmoderného veku. Šírka pojednávanej problematiky je postupne eliminovaná zavedením determinujúcich entít času, priestoru a špecifického typu migračnej aktivity. Obsah príspevku je generovaný konfrontáciou teoretických prístupov renomovaných autorov a e...

Ausführliche Beschreibung

Gespeichert in:
Bibliographische Detailangaben
1. Verfasser: Kříž, Lukáš
Format: Buchkapitel
Sprache:Tschechisch
Schlagworte:
Tags: Tag hinzufügen
Keine Tags, Fügen Sie das erste Tag hinzu!

MARC

LEADER 00000naa$a2200000$$$4500
001 0022146
005 20221019113154.8
041 0 |a cze 
044 |a SK 
245 1 0 |a Migrace a mobilita přechodu postmodernity  |c Lukáš Kříž 
520 |a Migračno-mobilné aktivity obyvateľstva v ére postmoderného veku. Šírka pojednávanej problematiky je postupne eliminovaná zavedením determinujúcich entít času, priestoru a špecifického typu migračnej aktivity. Obsah príspevku je generovaný konfrontáciou teoretických prístupov renomovaných autorov a empirických poznatkov autora. Snahou je postihnúť vymedzenú pracovnú mobilitu v súčasnom globalizáciou sťaženom svete. 
610 2 0 |a migrácia 
610 2 0 |a obyvateľstvo 
610 2 0 |a práca 
610 2 0 |a globalizácia 
100 1 |a Kříž, Lukáš